000 00292nam a22001337a 4500
008 180911b xxu||||| |||| 00| 0 eng d
020 _a093573404
041 _aeng
080 _a574
100 _a9
101 _aMJE
245 _aSoil Conversation Policies
_cWarner, R.C
942 _2udc
_cBK
999 _c47663
_d47663